Cities with 'slums' : from informal settlement eradication to a right to the city in Africa (Record no. 131642)

MARC details
000 -LEADER
fixed length control field 00347nam a2200097Ia 4500
082 ## - DEWEY DECIMAL CLASSIFICATION NUMBER
Classification number 307.336096huch
008 - FIXED-LENGTH DATA ELEMENTS--GENERAL INFORMATION
fixed length control field 210817s9999 xx 000 0 und d
100 ## - MAIN ENTRY--PERSONAL NAME
Personal name Huchzermeyer, Marie Claremont, South Africa, 2011
9 (RLIN) 36412
245 #0 - TITLE STATEMENT
Title Cities with 'slums' : from informal settlement eradication to a right to the city in Africa
942 ## - ADDED ENTRY ELEMENTS
item type Books
Holdings
Withdrawn status Lost status Damaged status Not for loan Date acquired Cost, normal purchase price Total Checkouts Barcode Date last seen Price effective from item type
        17.08.2021 238.00   3228200014160 17.08.2021 17.08.2021 Books